Así jugaba abuela

Spremljeno u:
Bibliografski detalji
Glavni autor: Alvarez Ríos, María (Autor)
Format: Knjiga
Jezik:španjolski
Izdano: La Habana Gente Nueva 1992
Serija:Biblioteca Escolar
Teme:
Oznake: Dodaj oznaku
Bez oznaka, Budi prvi tko označuje ovaj zapis!

MARC

LEADER 00000cam a2200000 a 4500
001 UCF3590
003 CL-VaPUC
008 121025e19920000CU |||||||||||||||||spa|d
020 |a 9590800033 
082 0 4 |a 790.1922  |b ALV  |2 21 
100 0 |a Alvarez Ríos, María  |e author  |9 565381 
245 1 0 |a Así jugaba abuela 
300 |a pág. irreg 
942 |c BK 
945 |d 20121025 00:00:00  |a cmena 
260 |a La Habana  |b Gente Nueva  |c 1992 
650 0 |a Juegos infantiles  |9 307365 
650 7 |a JUEGOS TRADICIONALES  |2 CL-VaPUC  |9 421256 
583 |a last modification  |c 20180827 03:18:47  |k Rodrigo Vera 
490 0 |a Biblioteca Escolar 
999 |c 349836  |d 349834 
952 |0 0  |1 0  |4 0  |6 790_192200000000000_ALV_1992  |7 0  |8 X  |9 452642  |a FDOMLP  |b FDOMLP  |d 2019-11-22  |i 4310675  |o 790.1922 ALV 1992  |p 4310675  |r 2019-11-22  |w 2019-11-22  |y BK_X  |k BU2